| Record ID | ia:nonplussedmathem00havi |
| Source | Internet Archive |
| Download MARC XML | https://archive.org/download/nonplussedmathem00havi/nonplussedmathem00havi_marc.xml |
| Download MARC binary | https://www.archive.org/download/nonplussedmathem00havi/nonplussedmathem00havi_meta.mrc |
LEADER: 01209cam a22003134a 4500
001 445617
005 20071207153409.0
008 060327s2007 njua 001 0 eng
010 $a 2006009994
035 $a65341021
040 $aDLC$cDLC$dBAKER$dBTCTA$dUKM$dC#P$dYDXCP$dIXA$dYUS$dCOO$dPUL$dVP@$dUPP
015 $aGBA716301$2bnb
016 7 $a013683460$2Uk
019 $a85690419
020 $a9780691120560
020 $a0691120560
042 $apcc
050 00 $aQA99$b.H38 2007
049 $aXIMM
100 1 $aHavil, Julian,$d1952-
245 10 $aNonplussed! :$bmathematical proof of implausible ideas /$cJulian Havil.
260 $aPrinceton :$bPrinceton University Press,$cc2007.
300 $axiii, 196 p. ;$c24 cm.
500 $aIncludes index.
505 0 $aThree tennis paradoxes -- The uphill roller -- The birthday paradox -- The spin of a table -- Derangements -- Conway's chequerboard army -- The toss of a needle -- Torricelli's trumpet -- Nontransitive effects -- A pursuit problem -- Parrondo's games -- Hyperdimensions -- Friday the 13th -- Fractran.
650 0 $aMathematics$xMiscellanea.
650 0 $aMathematical recreations.
650 0 $aParadox$xMathematics.
994 $aC0$bXIM